Imidž vybranej maloobchodnej spoločnosti dizertačná práca

Salvato in:
Dettagli Bibliografici
Autore principale: Bzdúšek, Ivan
Ente Autore: Obchodná fakulta EU. Katedra marketingu
Altri autori: Daňo, Ferdinand, 1959-
Natura: Libro
Lingua:slovacco
Pubblicazione: Bratislava 2012
Soggetti:
Tags: Aggiungi Tag
Nessun Tag, puoi essere il primo ad aggiungerne!!

MARC

LEADER 00000nbm a2200000 4500
001 0156105
005 20240502072731.5
041 0 |a slo 
044 |a SK 
245 1 0 |a Imidž vybranej maloobchodnej spoločnosti  |b dizertačná práca  |c Ivan Bzdúšek ; školiteľ: Ferdinand Daňo 
264 1 |a Bratislava  |c 2012 
300 |a 146 s. 
610 2 0 |a imidž 
610 2 0 |a maloobchod 
610 2 0 |a COOP JEDNOTA 
100 1 |a Bzdúšek, Ivan 
700 1 |a Daňo, Ferdinand, 1959- 
710 2 |a Obchodná fakulta EU. Katedra marketingu